| 000 | 01069nam0a22003011 4500 | ||
|---|---|---|---|
| 001 | RU\INGAK2\INFOCOMM_322\NLR\5000176343 | ||
| 005 | 20250625202953.0 | ||
| 035 | _a(NLR Aleph) 011042514 | ||
| 090 |
_a11159970 _c11159970 |
||
| 100 | _a20130214d1970 |||y0rusy50 ca | ||
| 101 | 0 | _ascr | |
| 102 | _aRU | ||
| 105 | _ay z|||| | ||
| 200 | 1 |
_aRad u socijalizmu i komunizmu _fJefim Manjevič |
|
| 210 |
_aM. _cИзд-во Агентства печати "Новости" _d1970 |
||
| 215 |
_a84, [5] с. _d18 см |
||
| 300 | _aВ вып. дан.: Е. Маневич. Труд при социализме и коммунизме | ||
| 517 | 1 |
_aТруд при социализме и коммунизме _zrus |
|
| 606 | 0 |
_aТруд при социализме _2nlr_sh1 |
|
| 620 | _aМосква | ||
| 686 |
_aМ-Л7-34 _2rubbk |
||
| 700 | 1 |
_9z01790 _aManevič _bE. L. _f1914- _gEfim L'vovič |
|
| 790 | 1 |
_9z01700 _aManjevič _bJ. _gJefim _4070 |
|
| 801 | 1 |
_aRU _bInfoComm _c20130214 |
|
| 801 | 0 |
_aRU _bNLR _gPSBO |
|
| 852 |
_aNLR _jСл Хорв-2/983 |
||
| 942 | _cBOOK | ||
| 980 | _aNB | ||